| 000 | 00334nam a2200133Ia 4500 | ||
|---|---|---|---|
| 005 | 20260328101523.0 | ||
| 008 | 260328s9999||||xx |||||||||||||| ||und|| | ||
| 100 | _aAllison, Peter | ||
| 245 | 0 |
_aDavid Adjaye : _b Houses / _cPeter Allison |
|
| 260 | _bThames & Hudson | ||
| 300 | _a256 p. | ||
| 650 | _aARQUITECTO BRITANICO | ||
| 942 | _cBK | ||
| 999 |
_c9689 _d9689 |
||